000 00303nam a2200121 a 4500
005 20140414132036.0
008 110322s19uu xx 00 eng d
050 _aTR
_bAL4 2004
100 _aShannon, David
245 _aAlice the fairy.
260 _aNew York :
_bScholastic ,
_c2003.
999 _c113717
_d113717